Essentials of e-commerce technology / (Record no. 39148)

MARC details
000 -LEADER
fixed length control field 00865nam a22002417a 4500
005 - DATE AND TIME OF LATEST TRANSACTION
control field 20100804114849.0
010 ## - LCCN (DPL NO)
LC control number ENG-98039
020 ## - INTERNATIONAL STANDARD BOOK NUMBER
International Standard Book Number 9788120339378
Terms of availability 225.00
035 ## - SYSTEM CONTROL NUMBER
System control number EN-81572
037 ## - SOURCE OF ACQUISITION
Source of stock number/acquisition DBAD/PUB
082 ## - DEWEY DECIMAL CLASSIFICATION NUMBER
Classification number 658.800285
100 ## - MAIN ENTRY--PERSONAL NAME
Personal name Rajaraman, V.
245 ## - TITLE STATEMENT
Title Essentials of e-commerce technology /
Statement of responsibility, etc By V. Rajaraman
260 ## - PUBLICATION, DISTRIBUTION, ETC. (IMPRINT)
Place of publication, distribution, etc New Delhi
Name of publisher, distributor, etc PHI Learning
Date of publication, distribution, etc 2009
270 ## - ADDRESS
Address M-97, Connaught Circus
City New Delhi
Postal code 110001
300 ## - PHYSICAL DESCRIPTION
Extent xiii,246p.:
Other physical details ill.
Dimensions 24cm (pbk)
500 ## - GENERAL NOTE
General note Includes references and index
650 ## - SUBJECT ADDED ENTRY--TOPICAL TERM
Topical term or geographic name as entry element Electronic Commerce
650 ## - SUBJECT ADDED ENTRY--TOPICAL TERM
Topical term or geographic name as entry element Internet Advertising
650 ## - SUBJECT ADDED ENTRY--TOPICAL TERM
Topical term or geographic name as entry element Internet Marketing
942 ## - ADDED ENTRY ELEMENTS (KOHA)
Source of classification or shelving scheme Dewey Decimal Classification
Item type English Books
Classification part 658.800285
Call number suffix RAJ
Holdings
Withdrawn status Lost status Not for loan Collection code Home library Current library Date acquired Source of acquisition Cost, normal purchase price Full call number Barcode Copy number Cost, replacement price Koha item type
    Not For Loan Non-fiction D.B.Act.Division D.B.Act.Division 04/08/2010 DBAD/PUB 225.00 658.800285 RAJ EN-81572 1 225.00 English Books

© Delhi Public Library
Hit Counter
free hit counter